000 01005nam a2200325Ia 4500
003 OSt
005 20220912144659.0
006 a|||||r|||| 00| 0
007 ta
008 220909b |||||||| |||| 00| 0 eng d
020 _a9780199668328 (pkb)
020 _aSL01558742
024 _a186472
037 _b5200, 06/08/2012, New India Book Agency
037 _cTextual
040 _aCSL
_beng
_cCSL
041 _aeng
082 _aB7, Q0;1-;5
100 _aDe Lange O L; Pierrus J
245 0 _aSolved problems in classical mechanics: Analytical and numerical solutions with comments
260 _aOxford
_bOxford Univ Press
_c2010
300 _aviii,599p.
500 _aAppendix 588-589p.; Index 590-599p.
650 _a Classical mechanics
650 _a Linear oscillation
650 _aPhysics
700 _aDe Lange O L; Pierrus J
942 _hB7, Q0;1-;5
_cTEXL
_2CC
999 _c15590
_d15590